[Event "Agartala Dutta Memorial 3rd"]
[Site "Agartala"]
[Date "2023.11.04"]
[Round "7"]
[White "Kumar, Gaurav"]
[Black "Iftikar, Alom Mazumdar"]
[Result "1/2-1/2"]
[WhiteElo "1953"]
[BlackElo "1703"]
[PlyCount "113"]
[EventDate "2023.11.01"]
[EventType "swiss"]
[EventRounds "10"]
[EventCountry "IND"]
[SourceTitle "CB46_2023"]
[SourceDate "2023.11.15"]
[SourceVersion "1"]
[SourceVersionDate "2023.11.15"]
[SourceQuality "1"]

1. Nf3 Nf6 2. g3 g6 3. b4 Bg7 4. Bb2 0-0 5. Bg2 d6 6. c4 e5 7. 0-0 a5 8. b5 a4 9. a3 Nbd7 10. d3 Re8 11. e4 Nc5 12. Qe2 Nb3 13. Ra2 Bg4 14. h3 Bxf3 15. Qxf3 Nd7 16. Qd1 Ndc5 17. Nc3 Bh6 18. f4 c6 19. bxc6 bxc6 20. Ne2 Qb6 21. Kh2 Rad8 22. Bc3 Ne6 23. f5 Nec5 24. h4 Nd4 25. Nxd4 exd4 26. Bxd4 Qb3 27. Qxb3 axb3 28. Rb2 Nxd3 29. Rxb3 Ne5 30. Rb7 Rb8 31. Rxb8 Rxb8 32. c5 Be3 33. Bxe3 Ng4+ 34. Kh3 Nxe3 35. Rc1 dxc5 36. fxg6 hxg6 37. Rxc5 Rb2 38. Bh1 Rb3 39. Bg2 Rb2 40. Bh1 Rb3 41. Bg2 Rb2 42. Bf3 Rf2 43. Bh1 Rf1 44. Bg2 Rf2 45. Bh1 Rf1 46. Kh2 Ra1 47. Rxc6 Rxa3 48. Rc1 Kg7 49. Bf3 Ra2+ 50. Kg1 Rd2 51. Rc3 Nc2 52. e5 Nd4 53. Kf1 Nf5 54. Be4 Nd4 55. g4 Re2 56. Bf3 Rxe5 57. Kf2 1/2-1/2

[Event "IND-ch 59th"]
[Site "New Delhi"]
[Date "2022.12.26"]
[Round "5"]
[White "Chandar, Raju"]
[Black "Iftikar, Alom Mazumdar"]
[Result "1-0"]
[WhiteElo "1918"]
[BlackElo "1714"]
[PlyCount "95"]
[EventDate "2022.12.22"]
[EventType "swiss"]
[EventRounds "13"]
[EventCountry "IND"]
[SourceTitle "CBM 211 Extra"]
[Source "ChessBase"]
[SourceDate "2023.01.31"]
[SourceVersion "1"]
[SourceVersionDate "2023.01.31"]
[SourceQuality "1"]

1. d4 Nf6 2. Bg5 Ne4 3. Bf4 c5 4. f3 Nf6 5. d5 d6 6. e4 g6 7. Nc3 Bg7 8. Qd2 a6 9. a4 Qa5 10. Ra3 Nbd7 11. Nge2 Rb8 12. Nc1 Qc7 13. Be2 c4 14. Be3 b5 15. axb5 axb5 16. Ra7 Qd8 17. 0-0 0-0 18. N1a2 b4 19. Na4 c3 20. bxc3 bxc3 21. N2xc3 Ne5 22. f4 Neg4 23. Bd4 h5 24. h3 Nh6 25. Qe3 Rb4 26. Rd1 Bd7 27. Kh1 Re8 28. Bb6 Qb8 29. Bc7 Qc8 30. Ba6 Qa8 31. Rxa8 Rxa8 32. Ba5 Rxa4 33. Nxa4 Bxa4 34. Qd3 Nd7 35. Bb4 f5 36. Bc4 fxe4 37. Qxe4 Nf5 38. Qe6+ Kh7 39. Bd3 Nf8 40. Qe1 Rb8 41. Bc3 Bxc3 42. Qxc3 Bd7 43. Re1 Re8 44. g4 Ng7 45. f5 gxf5 46. gxf5 Nxf5 47. Rf1 Kg6 48. Rg1+ 1-0